| 000 | 01281cam a22002891i 4500 | ||
|---|---|---|---|
| 003 | SA-RiAUC | ||
| 005 | 20241222080251.0 | ||
| 008 | 241222s2005 su g 000 0 ara c | ||
| 020 | _a9960472175 | ||
| 040 |
_aSA-RiKSU _bara _cSA-RiAUC _erda |
||
| 082 | 0 | 4 |
_a235.1 _qSA-RiAUC |
| 090 |
_a235.1 _bب ن ج |
||
| 100 | 1 |
_aالبنجابي، محمد بن عبد الكريم بن عبيد، _d1380 هجري- _eمؤلف. |
|
| 245 | 1 | 0 |
_aروايات ونسخ الجامع الصحيح للإمام أبي عبد الله محمد بن إسماعيل البخاري : _bدراسة وتحليل / _cإعداد محمد بن عبد الكريم بن عبيد. |
| 250 | _aالطبعة الأولى. | ||
| 264 | 1 |
_aالرياض : _bدار إمام الدعوة، _c[2005] |
|
| 300 |
_a109 صفحة ؛ _c24 سم |
||
| 336 |
_aنص _btxt _2rdacontent _3كتاب |
||
| 337 |
_aبدون وسيط _bn _2rdamedia |
||
| 338 |
_aمجلد _bnc _2rdacarrier |
||
| 650 | 7 |
_aالحديث _xالإسناد الصحيح _2aucsh |
|
| 650 | 7 |
_aالحديث _xالكتب الستة _2aucsh |
|
| 700 | 1 | 2 |
_aالبخاري، محمد بن إسماعيل بن إبراهيم، _d194-256 هجري |
| 740 | 2 | 2 | _aالجامع الصحيح. |
| 942 |
_2ddc _cBOOK _n0 |
||
| 949 |
_aSA-JeALM _d241222 _umohamedma123 _n1 |
||
| 999 |
_c3764 _d3764 |
||